00640nam a2200181Ia 4500003000900000008004100009040001600050080001400066100002700080245012500107260002600232300001400258650004100272650003200313942000700345999001500352952009100367IN-BaIIA211028s9999 xx 000 0 eng d cIIA Library a62.1bHUG aHuggins, William92459 4aThe royal society of science in the state and in the schoolcWilliam Huggins  aLondonbMethuenc1906 axv, 131p. aAstronomy and Astrophysics thesaurus aHistory-Royal Society92460 cBK c1172d1172 00104070aBANbBANcGENd0000-00-00l0o062.1/ HUGp1237r2021-11-05w0000-00-00yBK